Bài tập hóa học lập thể hữu cơ cơ sở Bài tập - Bài giải - Đề thi
HO053
Αποθηκεύτηκε σε:
| Κύριος συγγραφέας: | |
|---|---|
| Άλλοι συγγραφείς: | |
| Μορφή: | Βιβλίο |
| Γλώσσα: | Undetermined |
| Έκδοση: |
TP.HCM
Đại học Quốc gia TP.HCM
2009
|
| Θέματα: | |
| Διαθέσιμο Online: | http://lrc.tdmu.edu.vn/opac/search/detail.asp?aID=2&ID=3530 |
| Ετικέτες: |
Προσθήκη ετικέτας
Δεν υπάρχουν, Καταχωρήστε ετικέτα πρώτοι!
|
| Thư viện lưu trữ: | Trung tâm Học liệu Trường Đại học Thủ Dầu Một |
|---|
| LEADER | 00775nam a2200229Ia 4500 | ||
|---|---|---|---|
| 001 | TDMU_3530 | ||
| 008 | 210410s9999 xx 000 0 und d | ||
| 082 | |a 547 | ||
| 090 | |b L46 | ||
| 100 | |a Lê, Ngọc Thạch | ||
| 245 | 0 | |a Bài tập hóa học lập thể hữu cơ cơ sở | |
| 245 | 0 | |b Bài tập - Bài giải - Đề thi | |
| 245 | 0 | |c Lê Ngọc Thạch | |
| 260 | |a TP.HCM | ||
| 260 | |b Đại học Quốc gia TP.HCM | ||
| 260 | |c 2009 | ||
| 300 | |a 291tr. | ||
| 520 | |a HO053 | ||
| 650 | |a Hóa hữu cơ |v Bài tập | ||
| 700 | |a Đại học Quốc gia Tp. Hồ Chí Minh | ||
| 856 | |u http://lrc.tdmu.edu.vn/opac/search/detail.asp?aID=2&ID=3530 | ||
| 980 | |a Trung tâm Học liệu Trường Đại học Thủ Dầu Một | ||